Fish as biocontrol agents in rice : The potential of common carp Cyprinus carpio (L.) and Nile tilapia Oreochromis niloticus (L.)
محفوظ في:
| المؤلف الرئيسي: | |
|---|---|
| التنسيق: | كتاب |
| اللغة: | Undetermined |
| منشور في: |
Germany
Margraf Verlag
1994
|
| الموضوعات: | |
| الوسوم: |
إضافة وسم
لا توجد وسوم, كن أول من يضع وسما على هذه التسجيلة!
|
| Thư viện lưu trữ: | Trung tâm Học liệu Trường Đại học Cần Thơ |
|---|
| LEADER | 00583nam a2200193Ia 4500 | ||
|---|---|---|---|
| 001 | CTU_150081 | ||
| 008 | 210402s9999 xx 000 0 und d | ||
| 082 | |a 577.6 | ||
| 082 | |b H197 | ||
| 100 | |a Halwart, Matthias | ||
| 245 | 0 | |a Fish as biocontrol agents in rice : | |
| 245 | 4 | |b The potential of common carp Cyprinus carpio (L.) and Nile tilapia Oreochromis niloticus (L.) | |
| 245 | 0 | |c Matthias Halwart | |
| 260 | |a Germany | ||
| 260 | |b Margraf Verlag | ||
| 260 | |c 1994 | ||
| 650 | |a Aquaculture | ||
| 904 | |i Giang | ||
| 980 | |a Trung tâm Học liệu Trường Đại học Cần Thơ | ||